Financial reporting standard: financial reporting standard for smaller entities (effective January 2007) (Record no. 106475)

MARC details
000 -LEADER
fixed length control field 00357cam a2200121 4500
001 - CONTROL NUMBER
control field L136698
008 - FIXED-LENGTH DATA ELEMENTS--GENERAL INFORMATION
fixed length control field 070215n2007 000 0 eng u
020 ## - INTERNATIONAL STANDARD BOOK NUMBER
International Standard Book Number 9781841408590
035 ## - SYSTEM CONTROL NUMBER
System control number (Sirsi) u136698
245 ## - TITLE STATEMENT
Title Financial reporting standard: financial reporting standard for smaller entities (effective January 2007)
260 ## - PUBLICATION, DISTRIBUTION, ETC.
Place of publication, distribution, etc. ASB
Date of publication, distribution, etc. 2007
942 ## - ADDED ENTRY ELEMENTS (KOHA)
Suppress in OPAC 0

No items available.